Die meisterwerke der Königl. gemälde-galerie zu Cassel (Record no. 94061)

MARC details
000 -LEADER
campo de control de longitud fija 00601nam a2200169 i 4500
001 - NÚMERO DE CONTROL
campo de control 94061
003 - IDENTIFICADOR DE NÚMERO DE CONTROL
campo de control ES-MaACL
005 - FECHA Y HORA DE LA ÚLTIMA TRANSACCIÓN
campo de control 20230906181401.0
007 - CAMPO FIJO DE DESCRIPCIÓN FÍSICA--INFORMACIÓN GENERAL
campo de control de longitud fija t|
008 - DATOS DE LONGITUD FIJA--INFORMACIÓN GENERAL
campo de control de longitud fija 050615s1904 gw ||||1| ger d
100 1# - ENTRADA PRINCIPAL--NOMBRE DE PERSONA
Nombre de persona Voll, Karl.
9 (RLIN) 115706
245 14 - MENCIÓN DEL TÍTULO
Título Die meisterwerke der Königl. gemälde-galerie zu Cassel
Resto del título : 209 kunstdrucke nach den originalgemälden, mit einleitendem text /
Mención de responsabilidad, etc. von Karl Voll.
260 ## - PUBLICACIÓN, DISTRIBUCIÓN, ETC.
Lugar de publicación, distribución, etc. München :
Nombre del editor, distribuidor, etc. F. Hanfstaengl,
Fecha de publicación, distribución, etc. [1904]
300 ## - DESCRIPCIÓN FÍSICA
Extensión XX, 210 p. :
Otras características físicas principalmente il. ;
Dimensiones 26 cm.
610 17 - PUNTO DE ACCESO ADICIONAL DE MATERIA--NOMBRE DE ENTIDAD CORPORATIVA
Nombre de entidad corporativa o nombre de jurisdicción como elemento de entrada Kassel.
Unidad subordinada Staatliche gemèaldegalerie.
9 (RLIN) 134599
852 ## - LOCALIZACIÓN
Ubicación ES-MaACL
Número de control de estantería C-1507
Holdings
Estatus retirado Estado de pérdida Estado de daño No para préstamo Biblioteca de origen Biblioteca actual Ubicación en estantería Fecha de adquisición Fuente de adquisición Total de préstamos Signatura topográfica completa Código de barras Visto por última vez Precio de reemplazo Tipo de ítem Koha
        Biblioteca del Ateneo de Madrid Biblioteca del Ateneo de Madrid Sala Palomar 17/01/2008     C-1507 1098238 23/02/2023 23/02/2023 Libro impreso